| 000 | 00797nam a2200253 i 4500 | ||
|---|---|---|---|
| 001 | 58080 | ||
| 003 | ES-MaACL | ||
| 005 | 20230906163724.0 | ||
| 007 | t| | ||
| 008 | 031021s1982 fr ||||1| fre d | ||
| 020 | _a2-85919-043-0 | ||
| 100 | 1 |
_aDover, K. J. _945524 |
|
| 245 | 1 | 0 |
_aHomosexualité grecque / _cK.J. Dover ; traduit de l'anglais par Suzanne Saïd. |
| 260 |
_aGrenoble : _bLa pensee sauvage, _c[1982] |
||
| 300 |
_a287 p., [27] h. de lám. ; _c24 cm. |
||
| 490 | 1 | _aBibliotheque d'ethnopsychiatrie | |
| 500 | _aIndice. | ||
| 504 | _aBibliografía: p. 269-274. | ||
| 650 | 4 |
_aHomosexualidad- _zGrecia. _913471 |
|
| 700 | 1 |
_aSaïd, Suzanne. _9101487 |
|
| 830 | 0 |
_aBibliotheque d'ethnopsychiatrie _9230460 |
|
| 852 |
_aES-MaACL _jL-11247 _bR.112914 |
||
| 999 |
_c58080 _d58080 |
||